| 000 | 02875cam a22003974a 4500 | ||
|---|---|---|---|
| 999 |
_c535552 _d535552 |
||
| 001 | 16746277 | ||
| 003 | NUST | ||
| 005 | 20200916143940.0 | ||
| 008 | 110422s2011 flua b 001 0 eng | ||
| 010 | _a 2011013714 | ||
| 016 | 7 |
_a015700806 _2Uk |
|
| 020 | _a9780415613514 (hardback) | ||
| 020 | _a0415613515 (hardback) | ||
| 020 | _a9780203093207 (eBook) | ||
| 020 | _a0203093208 (eBook) | ||
| 035 | _a(OCoLC)ocn659750632 | ||
| 038 | _aMSOHAIL | ||
| 040 |
_aDLC _cDLC _dYDX _dBTCTA _dYDXCP _dBWX _dUKMGB _dUAF _dCDX _dCOO _dDLC |
||
| 042 | _apcc | ||
| 050 | 0 | 0 |
_aTA706 _b.A38 2011 |
| 082 | 0 | 0 |
_a624.15132 _222 _bZHO |
| 084 |
_aTEC009150 _aTEC009020 _aSCI031000 _2bisacsh |
||
| 245 | 0 | 0 |
_aAdvances in rock dynamics and applications / _cedited by Yingxin Zhou, Jian Zhao. |
| 260 |
_aBoca Raton : _bCRC Press/Balkema, _c2011. |
||
| 300 |
_axiv, 514 p. : _bill. ; _c26 cm. |
||
| 504 | _aIncludes bibliographical references and index. | ||
| 520 |
_a"The study of rock dynamics is important because many rock mechanics and rock engineering problems involve dynamic loading ranging from earthquakes to vibrations and explosions. The subject deals with the distribution and propagation of loads, dynamic responses and processes of rocks and rate-dependent properties, coupled with the physical environment. Rock dynamics has a wide range of applications in civil, mining, geological and environmental engineering. However, due to the additional "4th" dimension of time, rock dynamics remains, in the discipline of rock mechanics, a relatively more challenging topic to understand and to apply, where documented research and knowledge are limited.Advances in Rock Dynamics and Applications provides a summary of the current knowledge of rock dynamics with 18 chapters contributed by individual authors from both academia and engineering fields. The topics of this book are wide-ranging and representative, covering fundamental theories of fracture dynamics and wave propagation, rock dynamic properties and testing methods, numerical modelling of rock dynamic failure, engineering applications in earthquakes, explosion loading and tunnel response, as well as dynamic rock support"-- _cProvided by publisher. |
||
| 520 |
_a"This book aims to provide a summary of the current knowledge of rock dynamics for researchers and engineers"-- _cProvided by publisher. |
||
| 650 | 0 |
_aRock mechanics. _923489 |
|
| 700 | 1 |
_aZhou, Yingxin. _930181 |
|
| 700 | 1 |
_aZhao, Jian, _d1960- _930182 |
|
| 856 |
_uhttp://pda.library.cornell.edu/coutts/pod.cgi?CouttsID=cou14787458 _zClick to ask Cornell University Library to RUSH purchase. We will contact you by email when it arrives (typically within a week). |
||
| 906 |
_a7 _bcbc _corignew _d1 _eecip _f20 _gy-gencatlg |
||
| 942 |
_2ddc _cBK |
||